000 00342nam a2200157Ia 4500
100 _aMonks/Joseph G
250 _a2
942 _cBK
366 _f20
654 _aoperations
245 _aOperations Management
260 _bTata Mc Graw hill pub co
_aNew Delhi
_c2007
082 _a658.1554/MON
_bMON
546 _aENGLISH
999 _c32016
_d32016